| 000 | 00530nam a2200229Ia 4500 | ||
|---|---|---|---|
| 003 | 0100 | ||
| 008 | 130303s9999 xx 000 0 und d | ||
| 020 | _a0674387090 | ||
| 040 | _cARRUPELIB | ||
| 050 | _aB3279.H49S32413 1998 | ||
| 100 | _aSafranski, Rudiger | ||
| 245 | _aMartin Heidegger | ||
| 245 | _bbetween good and evil | ||
| 260 | _aCambridge | ||
| 260 | _bHarvard U.P. | ||
| 260 | _C1998 | ||
| 300 | _axvii | ||
| 300 | _b 474p. 24cm. | ||
| 650 | _aPHILOSOPHY | ||
| 700 | _aOsers, Ewald (tr.) | ||
| 942 | 0 | 0 | _02 |
| 999 |
_c12316 _d12316 |
||